La Revalorización del quehacer político /
Guardado en:
| Autores Corporativos: | , |
|---|---|
| Formato: | Desconocido |
| Publicado: |
San José:
Asamblea Legislativa
|
| Materias: | |
| Etiquetas: |
Agregar Etiqueta
Sin Etiquetas, Sea el primero en etiquetar este registro!
|
MARC
| LEADER | 00000 a2200000 04500 | ||
|---|---|---|---|
| 001 | 10475 | ||
| 003 | |||
| 008 | 991231s d | ||
| 040 | |||
| 090 | |a 136503 | ||
| 110 | |a Costa Rica. Asamblea Legislativa | ||
| 245 | |a La Revalorización del quehacer político / |c Costa Rica. Asamblea Legislativa | ||
| 260 | |a San José: |b Asamblea Legislativa | ||
| 300 | |a 260 p | ||
| 650 | |a JUVENTUD | ||
| 650 | |a OPINION PUBLICA | ||
| 650 | |a POLITICA | ||
| 650 | |a CORRUPCION | ||
| 650 | |a DEMOCRACIA | ||
| 650 | |a PARTICIPACION SOCIAL | ||
| 650 | |a CONTROL SOCIAL | ||
| 650 | |a ESTADO | ||
| 710 | |a comp | ||
| 999 | |c 13436 |d 13436 | ||
